000 00706 a2200217 4500
003 UA-OsUOA
005 20260511103141.0
008 260511b un ||||| |||| 00| 0 ukr d
040 _aUA-OsUOA
_beng
_cUA-OsUOA
_dUA-OsUOA
041 _aeng
080 _a1
090 _a1
_bA25
245 _aThe Age of Analysis
_bThe 20th Century Philosophers
_cedited by Morton White
260 _bThe New American Library
_c1955
_aNew York
300 _a253 p.
490 _aThe Mentor Philosophers
650 _2UDC
_a1 Філософія. Психологія
_91871
942 _cBK
_2udc
955 _a4
999 _c580686
_d580686